[Event "Ch España Ceclub Primera Division Sur"]
[Site "Santa Cruz de Tenerife"]
[Date "2006.08.26"]
[Round "5"]
[White "Gurevich, Mikhail"]
[Black "Matamoros Franco, Carlos"]
[Result "1-0"]
[WhiteElo "2643"]
[BlackElo "2544"]
[Annotator "Rahal, M"]
[PlyCount "61"]
[EventDate "2006.08.??"]
[EventType "team"]
[EventRounds "6"]
[EventCountry "ESP"]
[Source "EDAMI"]
[SourceDate "2006.12.20"]

{En Tenerife se jugaron varias partidas muy interesantes, como por ejemplo una
Anti-Marshall de Oleg Korneev contra Todorcevic, que pueden ver analizada en
el número 11 de Todo Teoría dentro de la sección de Aperturas Sorprendentes.
Pero me he decantado por esta partida del GM Mikhail Gurevich, que lleva
varios años defendiendo los colores de la Caja Insular. Gurevich introduce una
interesante novedad en una de las variantes principales de la India de Rey,
que implica un sacrificio de peón, a cambio de desarrollo e iniciativa.} 1. d4
Nf6 2. c4 g6 3. Nc3 Bg7 4. e4 d6 5. Nf3 O-O 6. Be2 e5 7. O-O Nc6 8. d5 Ne7 {
# En palabras de Golubev en su libro sobre la Defensa India de Rey "Esta
posición es estándar pero fascinante. Ambos jugadores pueden estar contentos
con sus logros. El blanco ha conseguido una ventaja de espacio significante y
algo de tiempo, ya que ha obligado al negro a retirar su caballo a la casilla
e7. Sin embargo, el negro, en su turno, puede comenzar acciones decontraataque
con ...f5 con el apoyo de ese caballo mal situado, que, en unos pocos saltos,
puede estar amenazando al rey blanco".} 9. Nd2 {Las otras variantes más
principales son 9.b4 (Ataque a la Bayoneta) y 9.Ne1, que como la jugada del
texto evita la opción 9...Nh5 de las negras, que es la jugada más común contra
9.b4. Sin embargo, mientras que 9.Ne1 tiene la idea de saltar a d3 y en
algunas variantes regresar a f2 (tras f2-f3), las jugadas 9.b4 y 9.Nd2 están
estrechamente relacionadas, ya que plantean el mismo objetivo: b4, c5, Nc4 con
la inclusión de Ba3 (a veces con a4 primero).} Ne8 {No es la mejor jugada.
Tanto 9...c5 como sobretodo 9...a5 son más efectivos contra el plan de las
blancas.} 10. b4 $1 f5 11. c5 Kh8 $6 ({Más en el estilo de la variante sería} 
11... Nf6 12. f3 (12. Ba3 $5) 12... f4 13. Nc4 $1 g5 {sería la típica lucha de
India de Rey, en donde las negras atacan en el flanco de rey y las blancas en
el flanco de dama. La siguiente partida ganó el premio de belleza.} 14. Ba3 $5
(14. a4) 14... Ng6 15. b5 Ne8 16. b6 $1 axb6 17. cxb6 cxb6 18. Qb3 h5 19. Rab1
g4 20. Nxb6 Qg5 $5 {Sugerida por Shirov} 21. Kh1 (21. Nxa8 g3 $1 22. h3 Qh4 23.
Rb2 Bxh3 24. gxh3 Qxh3 25. Bb5 Nh4 $1 $19) 21... Nh4 (21... g3 22. Nxc8 Rxc8
23. h3 $1) 22. Nxc8 Rxc8 23. Rg1 Rf7 24. Rbc1 Bf8 $1 25. Na4 Rxc1 26. Bxc1 Rg7
27. Qd1 Nf6 28. Nb6 Qg6 29. Bd2 Nh7 30. Qf1 g3 31. Be1 Rc7 32. Bc4 Be7 33. a4
Bd8 34. a5 Kh8 35. Qe2 Rg7 36. Bb5 Qf6 37. Be8 gxh2 38. Kxh2 Qe7 39. Ba4 Rg3 $1
40. Bxg3 Nf5 41. Rc1 fxg3+ 42. Kg1 Qh4 43. Qb5 Qh2+ 44. Kf1 Qh1+ 45. Ke2 Qxg2+
46. Kd3 Qxf3+ 47. Kc4 Qxe4+ 48. Kc3 Nf6 $1 {Bogdanovski-Golubev, Skopje 1991})
12. Qc2 $5 {Según mi base de datos esta jugada es nueva, al menos a nivel
magistral, y de hecho implica el sacrificio de peón, aunque la compensación
posicional obtenida a cambio es bastante grande.} ({
Una partida de referencia continuó} 12. Ba3 Ng8 ({en caso de} 12... fxe4 13.
Ndxe4 dxc5 14. bxc5 {
y a diferencia de la partida la dama en d1 sigue defendiendo el peón de d5})
13. Nc4 Nh6 14. Rc1 f4 15. b5 Rg8 16. b6 axb6 17. cxb6 cxb6 18. Qb3 Bf8 19.
Qxb6 Qe7 20. f3 g5 21. h3 Nf7 22. Qb3 Qd8 23. Bb2 b5 24. Nxb5 h5 25. a4 Kh7 26.
a5 g4 27. fxg4 hxg4 28. Bxg4 Bxg4 29. hxg4 Rxg4 30. Qh3+ Rh4 31. Qf5+ Kg8 32.
Rf2 Ng7 33. Qg6 Nh8 34. Nxe5 Nxg6 35. Nxg6 Rg4 36. Nxf4 Qxa5 37. Nd4 Qa7 38.
Nde6 Nxe6 39. Nxe6 Rxe4 40. Rcf1 Bh6 {0-1 Stefanov,P-Donchev,D/Varna 1980})
12... fxe4 {Matamoros decide aceptar el sacrificio, aunque también podía haber
seguido con ...Ng8.} 13. Ndxe4 dxc5 14. bxc5 Nxd5 {#} 15. Bg5 $1 $14 {
A cambio del peón las blancas tienen una gran ventaja en desarrollo, un fuerte
caballo centralizado en e4, la posibilidad de ocupar las columnas "b" y "d", y
sobretodo la iniciativa, lo que en manos de Gurevich es siempre muy peligroso.}
Ndf6 ({Si las negras tapan con el otro caballo sigue} 15... Nef6 16. Rad1 c6
17. Bxf6 Bxf6 18. Bc4 Be6 19. Qb3 {
y gracias al juego de clavadas el blanco recupera el peón con clara ventaja.})
16. Rad1 {Difícil de saber qué torre colocar en la columna, ya que la torre de
dama también puede ir a b1, pero la torre de rey puede ser útil en e1 o
incluso en f1 para apoyar un posible f2-f4.} Qe7 17. Qb3 {
Presionando sobre el peón b7 para dificultar el desarrollo del alfil negro.} c6
{Quizás era el momento para atacar el alfil con 17...h6 aunque no es fácil
calcular todas las consecuencias del salto 18.Nd5!?} 18. Nd6 $1 {
Antes de que las negras jueguen ...Be6, ya que el peón de b7 queda atacado.}
Rb8 $6 ({Era obligado jugar} 18... Nxd6 19. cxd6 Qe6 {aunque tras} 20. Qb4 {
las blancas mantienen la iniciativa, y el peón pasado en d6 es un preocupación
añadida.}) 19. Nxc8 Rxc8 20. Ne4 {#} h6 $2 {
Un error táctico importante que decide la partida.} ({Había que jugar} 20...
Qc7 21. Bxf6 Nxf6 22. Nd6 Rb8 23. Bc4 e4 24. Nf7+ Rxf7 25. Bxf7 Rf8 26. Be6 Qe5
{ya aunque las blancas están mejor el negro puede luchar en esta posición con
calidad de menos por un peon.}) 21. Qh3 $1 {Doble ataque sobre la torre en c8
y el peón en h6. Es bien sabido que descomunicar las torres (en este caso
mediante el caballo en e8) durante demasiadas jugadas encierra este tipo de
riesgos.} Rc7 22. Bxh6 {Las blancas recuperan su peón de menos manteniendo
todas las ventajas posicionales.} Bxh6 (22... Nxe4 23. Bg5+ $18) (22... Nh5 23.
Bg5 Bf6 24. Bxh5 $18) 23. Qxh6+ Nh7 (23... Qh7 24. Qxf8+) 24. Qxg6 Nef6 25.
Nxf6 Rxf6 26. Qc2 {La partida está ganada tanto material como posicionalmente
y Gurevich remata con claridad.} Ng5 27. Rd3 Rf4 28. Rfd1 Ne6 29. Rh3+ Rh4 30.
Rxh4+ Qxh4 31. Qf5 $1 1-0

[Event "Russian Championship"]
[Site "Tomsk (Russia)"]
[Date "2006.09.04"]
[Round "2"]
[White "Kosteniuk, Alexandra"]
[Black "Inarkiev, Ernesto"]
[Result "0-1"]
[WhiteElo "2534"]
[BlackElo "2625"]
[Annotator "Kosteniuk, A"]
[PlyCount "96"]
[EventDate "2006.??.??"]
[Source "EDAMI"]
[SourceDate "2006.12.20"]

1. e4 e5 2. Nf3 Nc6 3. Bb5 a6 4. Ba4 Nf6 5. O-O Be7 6. Re1 b5 7. Bb3 d6 8. c3
O-O 9. h3 Bb7 10. d4 Re8 11. Nbd2 Bf8 12. d5 (12. a4 {
es aquí la continuación principal}) 12... Nb8 13. Nf1 Nbd7 14. Ng3 (14. N3h2 {
es otra posibilidad.}) 14... Nc5 15. Bc2 c6 16. b4 Ncd7 17. dxc6 Bxc6 18. Bb3
h6 19. Qd3 {Parece un poco lento. Si las negras pueden jugar d5 y las blancas
no consiguen crear amenazas tácticas, la posición blanca será estratégicamente
inferior. Así pues en esta variante hay que darse prisa. Las jugadas de
caballo deben ser consideradas.} (19. Nh4) (19. Nh2 Nb6 20. Ng4 Nc4 21. Qe2
Nxg4 22. hxg4 Bd7 23. Bxc4 bxc4 24. Nf5 d5 25. exd5 {1/2-1/2, Fressinet
Laurent (FRA) 2640 - Dorfman Josif D (FRA) 2596, Val d'Isere (France) 2004.08.
20}) 19... Qc7 (19... Nb6 20. Be3 Qc7) (19... Qc8 20. Nh4 Qb7 {
y con diferente orden de jugadas se llega a la partida}) 20. Nh4 Qb7 (20... Nb6
21. Ng6 d5 22. exd5 Bxd5 23. Nxf8 Kxf8 24. Nf5 Qd7 25. Be3 Nc4 26. Bc5+ Kg8 27.
Ne3 Nxe3 28. Qxe3 Qe6 29. Rab1 Rad8 30. Rbd1 Bxb3 31. Rxd8 Rxd8 32. axb3 Qxb3
33. Qxe5 Re8 34. Qxe8+ Nxe8 35. Rxe8+ Kh7 36. Ra8 Qa3 37. Bd4 h5 38. Ra7 Kg6
39. Kh2 h4 40. Ra8 f6 41. Ra7 Qa2 42. Kg1 Qe6 43. Kh2 Kh6 44. Rb7 Qc8 45. Rb6
Kg5 46. Kg1 Kf5 47. f3 Kf4 48. Kf2 Qa8 49. Kg1 Kf5 50. Kf2 Kg6 51. Kg1 Kf7 52.
Kf2 Qc8 53. Kg1 Kg6 {1/2-1/2, Dolmatov Sergey (RUS) 2575 - Ibragimov Ildar
(USA) 2545, Azov (Russia) 1996}) 21. Nhf5 $5 {Gasté unos 40 minutos aquí y
encontré una idea muy interesante a la que no pude resistirme. Para comprender
mejor este tipo de posiciones, sugeriría mirar la partida  Svidler - Almasi,
2000 que fue comentada por Svidler en el Informator 79.} (21. Ng6 {
1/2-1/2, Svidler P 2689 - Almasi Z 2668 , 2000 Neum 79/330}) 21... d5 22. Nh5
$5 {Esta era mi idea, que resultó una inesperada sorpresa para mi oponente.}
dxe4 (22... Re6 23. Nxf6+ Nxf6 24. Qg3) 23. Qg3 Nxh5 24. Qg6 Kh8 25. Qxh5 Bd5
26. Qh4 $2 {Omitiendo una muy bonita oportunidad de hacer tablas mediante} (26.
Bxh6 gxh6 27. Nd6 $1 {(esta es la jugada que se me escapó durante la partida)}
(27. Nxh6 Nf6 28. Qh4 Bxh6) 27... Bxd6 (27... Nf6 28. Nxb7 Nxh5 29. Bxd5) (
27... Qc6 {la iniciativa de las blancas es demasiado peligrosa} 28. Bxd5 Qxd5 (
28... Qxd6 29. Qxf7 Nf6 30. Bxa8 Rxa8 31. a4 {la expuesta posición del rey
negro y su débil estructura de peones dan la ventaja a las blancas.}) 29. Nxf7+
Kg8 (29... Kg7 30. Nxh6) (29... Kh7 30. Rad1 Qc6 31. Rd6 {ganando.}) 30. Qg6+
Bg7 31. Nxh6+ {con ataque.}) 28. Qxh6+ Kg8 29. Re3 Nf8 30. Rg3+ Ng6 31. Rxg6+
fxg6 32. Qxg6+ Kh8 33. Qh6+ Qh7 34. Qf6+ Qg7 35. Qh4+ Qh7 36. Qf6+ {con jaque c
ontinuo. Pudo ser un bonito final para esta partida, pero no ocurrió.}) 26...
Re6 27. Bc2 {Intentando conservar la presión, ya que el final tras} (27. Bxd5
Qxd5 28. Qxe4 Qxe4 29. Rxe4 {es favorable a las negras.}) 27... Rc8 28. Bd2 Nb6
29. Rad1 Nc4 30. Bc1 Rf6 31. Nxh6 {Aquí ya me quedaban menos de 5 minutos.}
Rxh6 32. Bxh6 gxh6 33. Qh5 $2 (33. Bxe4 Bxe4 34. Rxe4 {
dejaba a las blancas con algún contrajuego.}) 33... Bg7 34. a4 $2 {
La clase de jugada que se hace para no perder por tiempo.} (34. f3 {
era lo que debí elegir, aunque después de} Nd6 {las negras están mucho mejor.})
34... Rf8 35. axb5 axb5 36. f3 f5 37. fxe4 fxe4 38. Kh2 $2 (38. Qg6 {
era la última oportunidad de aguantar.}) 38... e3 {Esta posición es
desesperada, ya que el peón "e" protegido por sus piezas, no deja a las
blancas posibilidades de salvación.} 39. Rf1 Rxf1 40. Rxf1 e4 {Los apuros de
tiempo han pasado y el humo se ha disipado, pero la posición de las negras es
ganadora.} 41. Qe8+ Bg8 42. Bd1 Qc7+ 43. Kh1 Qg3 44. Qh5 Nd2 45. Rg1 Bc4 46.
Qe8+ Kh7 47. Qd7 Qf4 48. Bg4 Nf1 0-1

[Event "22nd ECU Club Cup"]
[Site "Feugen AUT"]
[Date "2006.10.13"]
[Round "6"]
[White "Gomez Esteban, Juan Mario"]
[Black "Lindberg, Bengt"]
[Result "1-0"]
[WhiteElo "2486"]
[BlackElo "2392"]
[Annotator "Rahal, M"]
[PlyCount "53"]
[EventDate "2006.10.08"]
[EventType "team"]
[EventRounds "7"]
[EventCountry "AUT"]
[Source "EDAMI"]
[SourceDate "2006.12.20"]

1. Nf3 c5 2. c4 Nc6 3. d4 cxd4 4. Nxd4 Nf6 5. Nc3 g6 6. e4 d6 7. Be2 Bg7 8. Be3
O-O 9. O-O Re8 10. Rc1 {Si las blancas quieren evitar la continuación que se
da en la partida, pueden jugar primero 10.Qd2 o 10.f3, que incluso son más
elásticas ya que no definen la colocación de las torres.} Nxd4 11. Bxd4 Bh6 {
Una jugada secundaria, que aprovecha que la dama no está en d2. La idea es
seguir con ...e5 y cambiar los alfiles negros en e3, destrozando la estructura
de peones. Sin embargo, tienen sus propios riesgos, y por tanto son más
recomenables 11...a6 o 11...Be6.} 12. Rc2 ({
También se puede jugar 12.f4, como en una partida del director de PDR.} 12. f4
e5 13. Be3 Be6 14. Qd2 Bg4 15. Bd3 exf4 16. Bxf4 Bg7 17. Bg5 Qb6+ 18. Kh1 Nd7
19. b3 Be6 20. Bb1 a6 21. Nd5 Bxd5 22. Qxd5 Ne5 23. Rcd1 Re6 24. Rxf7 $1 Nxf7
25. Qxe6 Qf2 26. Qd5 Kh8 27. Qd2 Qc5 28. Be3 Qh5 29. Rf1 Ne5 30. a4 Ng4 31. Bg1
Be5 32. h3 Nf6 33. Bd4 Rf8 34. Rf3 Kg7 35. Bc2 Nd7 36. Bd1 Rxf3 37. Bxf3 Qh4
38. Bf2 Qe7 39. b4 Bf6 40. Qd5 Ne5 41. Be2 Nc6 42. c5 Nxb4 43. Qxd6 Qxe4 44.
Bf3 Qb1+ 45. Kh2 Qb2 46. Bg3 Qd4 47. Bxb7 Qe3 48. Bf4 Qf2 49. c6 Nd3 50. Qd7+ {
1-0 Rodriguez Cespedes,A-Soppe,G/Guarapuava 1991}) 12... e5 13. Be3 Bxe3 14.
fxe3 {# Esta es la posición resultante de la jugada 11...Bh6. Efectivamente la
estructura de peones del blanco se ha debilitado, pero no es menos cierto que
las negras pueden tener problemas para defender su peón d6 (se amenaza Rd2), a
la vez que su flanco de rey. De hecho, las tres partidas entre maestros que he
encontrado con esta posición ofrecen tres puntos para las blancas...} Re6 {
Defiende el peón y el caballo pero descoloca la torre y deja indefensa a la
dama, permitiendo el golpe siguiente de las blancas.} ({Otras opciones son} 
14... Kg7 15. Rd2 Qa5 16. Rxd6 Be6 17. Qd2 Rad8 18. b4 Qb6 19. Rd5 Nxd5 20.
Nxd5 Bxd5 21. exd5 f5 22. c5 Qf6 23. d6 Rf8 24. Rd1 e4 25. b5 Rc8 26. d7 Rcd8
27. Rc1 f4 28. exf4 e3 29. Qd3 Qb2 30. Rb1 Qf6 31. Bf3 Qxf4 32. c6 Rf6 33. Qe4
Qd6 34. Qxe3 bxc6 35. bxc6 {1-0 Veingold,A-Hergott,D/Manila 1992/TD (35)}) ({
Y también} 14... Be6 15. Rd2 Qe7 16. Rxd6 Red8 17. Rxd8+ Rxd8 18. Nd5 Bxd5 19.
exd5 Ne4 20. Qc2 f5 21. Bf3 Nf6 22. e4 f4 23. c5 Rc8 24. Rc1 g5 25. d6 Qg7 26.
Qc4+ Kh8 27. Bg4 Rf8 28. Bf5 f3 29. g3 Qh6 30. Rc2 g4 31. Qd3 Qh3 32. b4 a6 33.
a4 Nh5 34. Qxf3 {1-0 Ivanov,M-Giemsa,S/Berlin 1999/EXT 2000 (34)}) 15. c5 $1
Qe7 16. Bc4 {Las negras ofrecen la calidad a cambio de un peón, pero el blanco
buscará más. Es extraño que un jugador de 2392 pueda quedar perdido tan pronto.
Sin duda, una mala elección de apertura. He mirado el repertorio habitual
contra 1.e4 de este jugador, y es un habitual de la Siciliana Taimanov, que
conduce a estructuras muy distintas a la Dragón. Parece claro pues que con su
orden de jugadas Juan Mario le ha llevado a un terreno más desconocido, y de
ahí la falta de entendimiento de la posición.} dxc5 17. Rcf2 $5 {
Las blancas juegan al ataque, ya que la iniciativa está de su parte.} (17. Bxe6
Bxe6 18. Nd5 Bxd5 19. exd5 Rd8 {con alguna compensación}) 17... Rd6 18. Qf3 ({
Hay una variante bastante forzada que parece buena pero no lo es tanto.} 18.
Nd5 Nxd5 19. Rxf7 Qxf7 20. Rxf7 Kxf7 21. Bxd5+ Be6 22. Bxe6+ Kxe6 23. Qb3+ Kf6
24. Qxb7 Rad8 25. Qxh7 Rd1+ 26. Kf2 R8d2+ 27. Kg3 Rg1 {y las negras resisten.})
18... Kg7 $2 {El error decisivo.} ({Era mejor terminar el desarrollo con} 18...
Bd7 19. Qg3 Rf8 20. Qh4 Kg7 21. Nd5 Nxd5 22. Qxe7 Nxe7 23. Rxf7+ Rxf7 24. Rxf7+
Kh6 25. Rxe7 Rd2 {con igualdad}) {# Ahora las blancas tienen clara ventaja ya
que es muy difícil parar el salto del caballo a d5 y la entrada de las torres
por f7.} 19. Qg3 $1 Bd7 20. Nd5 $18 Nxd5 21. Rxf7+ Qxf7 22. Rxf7+ Kxf7 23. Qxe5
{El resto de la partida no admite dudas, la ventaja es de las blancas tanto
material como posicional.} Rf6 24. exd5 Re8 25. Qc7 Ke7 26. e4 Rc8 27. Qe5+ (
27. Qe5+ Kf7 28. Qg3 Kg7 29. e5 {y los dos peones pasados de las blancas le
van a costar al negro al menos el alfil.}) 1-0

[Event "22nd European Club Cup 2006"]
[Site "?"]
[Date "2006.10.12"]
[Round "5"]
[White "Bologan, Viktor"]
[Black "Vaganian, Rafael A"]
[Result "1-0"]
[WhiteElo "2659"]
[BlackElo "2587"]
[Annotator "Rahal, M"]
[PlyCount "37"]
[EventDate "2006.10.08"]
[Source "EDAMI"]
[SourceDate "2006.12.20"]

1. e4 e6 2. d4 d5 3. Nc3 Bb4 4. e5 c5 5. a3 Bxc3+ 6. bxc3 Ne7 7. Qg4 O-O 8. Bd3
Nbc6 {
Junto con 8...f5 la textual constituye la jugada más común en esta posición.}
9. Bg5 $5 {Esta vieja continuación conduce a un juego táctico muy agudo. La
línea más principal es 9.Qh5 y la teoría de esta variante ha evolucionado
mucho en los últimos años.} Qa5 10. Ne2 Re8 $6 {#Según mi base de datos esta
jugada es una novedad, y además desafortunada. Viendo las jugadas "tipo" en
esta posición, es incluso difícil adivinar la intención de esta misteriosa
jugada de torre, más allá de sobredefender el caballo.} ({La jugada principal
en esta posición es 10...Ng6. Recientemente el joven GM cubano Lenier
Domínguez le ganó una brillante partida a Yusupov con esta idea.} 10... Ng6 11.
O-O c4 12. Bxg6 fxg6 13. a4 Qc7 14. Bc1 Qf7 15. Ng3 Bd7 16. f3 Rfc8 17. h4 Be8
18. Kf2 Ne7 19. Rh1 Nf5 20. Ne2 Rc6 21. Qh3 Ra6 22. g4 Ne7 23. a5 Nc6 24. h5
Rxa5 25. Rxa5 Nxa5 26. h6 Ba4 27. hxg7 Qxg7 28. Bg5 Bxc2 29. Nf4 Re8 30. Bf6
Qd7 31. Qh6 Nc6 32. Nh5 Rf8 33. Ng7 g5 34. Nxe6 Re8 35. Qxg5+ Bg6 36. Qxg6+ {
Dominguez,L-Yusupov,A/Turin Ol 2006. Por último cabe resaltar que también es
posible capturar en d4 con 10...cxd4 pero en este caso las blancas juegan 11.
f4 seguido de 12.0-0 con fuerte ataque.}) 11. h4 $5 (11. Qh5 h6 12. Bxh6 gxh6
13. Qxh6 Nf5 14. Bxf5 exf5 15. Qg5+ Kf8 16. O-O {es una opción a tener en
cuenta pero no parece que las blancas tengan nada más que jaque perpétuo.
Quizás Vaganian confiaba en que Bologan sacrificaría, pero el GM moldavo elige
un camino diferente. La idea de la textual es incorporar la torre al ataque
por h3.}) 11... Nxd4 {Consecuente con su jugada anterior, ahora que el caballo
en e7 está defendido el peón de d4 se puede capturar con el otro caballo, pero
Vaganian está descuidando su desarrollo a cambio del material...} 12. Rh3 Nxe2
{
Curiosamente mis módulos de análisis opinan que las negras están muy bien aquí.
} 13. Kxe2 $1 {# Bologan se lo está jugando. Dado que la novedad ha sido de
Vaganian no parece lógico que Viktor haya estudiado al detalle esta posición:
más bien está jugando de concepto, y de esto me consta que tiene mucho. Las
blancas se la juegan todo por el todo en el flanco de rey. Si el ataque no
sale, el negro ganará gracias a su mejor centro, y ventaja material.} Ng6 {
Esta jugada parece muy lógica, se acerca un defensor y de paso se ataque el
peón - importante - de e5. Parece que las blancas están obligadas a 14.Bxg6...}
({Un ejemplo del potencial del ataque es la siguiente variante} 13... c4 14.
Bxh7+ $1 Kxh7 15. Bxe7 Rxe7 16. Rg3 g6 17. h5 {y las blancas ganan.}) 14. h5 $1
Nxe5 15. Qg3 Nxd3 {# Y ahora viene la jugada que obliga a todos los módulos a
cambiar la evaluación de la posición.} 16. Bf6 $1 Nf4+ (16... g6 17. hxg6 fxg6
18. Rxh7 $1 Kxh7 19. Rh1+ $18) 17. Kd2 $1 Ng6 18. hxg6 fxg6 (18... hxg6 19.
Rah1 $18) 19. Rxh7 $1 {El golpe de gracia.} (19. Rxh7 Kxh7 20. Rh1+ Kg8 21.
Qxg6 $18) 1-0